Kết quả nghiên cứu khoa học (1976-1996). Một số kết quả nghiên cứu khoa học chính của Trung Tâm nghiên cứu cây bông - giai đoạn 1976-1996

保存先:
書誌詳細
フォーマット: 図書
言語:Undetermined
出版事項: Tp.HCM Nông nghiệp 1996
主題:
タグ: タグ追加
タグなし, このレコードへの初めてのタグを付けませんか!
Thư viện lưu trữ: Trung tâm Học liệu Trường Đại học Cần Thơ
LEADER 00582nam a2200157Ia 4500
001 CTU_28212
008 210402s9999 xx 000 0 und d
082 |a 633.51 
082 |b K207 
245 0 |a Kết quả nghiên cứu khoa học (1976-1996). Một số kết quả nghiên cứu khoa học chính của Trung Tâm nghiên cứu cây bông - giai đoạn 1976-1996 
260 |a Tp.HCM 
260 |b Nông nghiệp 
260 |c 1996 
650 |a cotton,fiber plants 
904 |i Liên, 981019 
980 |a Trung tâm Học liệu Trường Đại học Cần Thơ